Lyrics Quiz- Rap 2 - Statistics

General Stats
  • This quiz has been taken 6 times
  • The average score is 3 of 10
Answer Stats
Hint Answer % Correct
I'm the new Sinatra, and since I made it here Empire State of Mind
80%
They've been waiting for Pinocchio to poke his nose Forever
40%
Been hit with a few shells, but i don't walk with a limp In Da Club
40%
It's them Rose-tinted cheeks, yeah, it's them dirt-coloured eyes See You Again
40%
Somebody ordered pancakes I just sip the sizzurp Through the Wire
40%
Me not working hard? Yeah, right picture that with a Kodak Give Me Everything
20%
Long discussions, oh, you my cousin? All Night
0%
I'm pretty sure you got your own recipe Carry Out
0%
Take your nose of my keyboard, what you bothering me for? Crew Love
0%
She's amazing, her fire blazing, hotter than Cajun. Girl, wont you move a lil' closer Right Round
0%
No matching quizzes found
Score Distribution
Percent of People with Each Score
Percentile by Number Answered
Your Score History
You have not taken this quiz